La Ruta de la mineria : a prop de Barcelona = The mining tour : close to Barcelona = La ruta de la minería : cerca de Barcelona = La route des mines : près de Barcelone a prop de Barcelona = The mining tour :
Descripción Física:
20 p. : il. col. ; 21 cm
MARC
| LEADER | 00000nam a2200000Ia 4500 | ||
|---|---|---|---|
| 001 | 19399 | ||
| 008 | 160829s2005 xx 000 0 cat d | ||
| 080 | |a FU-5-7 | ||
| 245 | |a La Ruta de la mineria : |b a prop de Barcelona = The mining tour : |b close to Barcelona = La ruta de la minería : |b cerca de Barcelona = La route des mines : |b près de Barcelone | ||
| 260 | |a Barcelona : |b Diputació de Barcelona. Oficina de Promoció Turística, |c 2005 | ||
| 300 | |a 20 p. : |b il. col. ; |c 21 cm | ||
| 590 | |a Text en català, anglès, castellà i francès | ||
| 650 | |a Mines |x Catalunya |x Circuits turístics |x Guies |9 37664 | ||
| 710 | 1 | |a Barcelona (Catalunya : Província). |b Oficina de Promoció Turística |9 51402 | |
| 901 | |a Arxiu | ||
| 942 | |n 1 | ||
| 952 | |0 0 |1 0 |4 0 |6 FU57 |7 1 |9 52975 |a Arxiu |b Arxiu |d 2016-12-01 |l 0 |o FU-5-7 |p 19399 |r 2016-12-01 00:00:00 |w 2016-12-01 |y ARXIU | ||
| 999 | |c 56824 |d 56824 | ||